| 000 | 00824nam0a22002651 4500 | ||
|---|---|---|---|
| 001 | v19\rc\1831538 | ||
| 005 | 20250619140457.0 | ||
| 035 | _a(NLR Aleph) 004927092 | ||
| 090 |
_a5639954 _c5639954 |
||
| 100 | _a20071224d1908 |||y0rusy50 ca | ||
| 101 | 0 | _arus | |
| 102 | _aRU | ||
| 105 | _ay bg ||||| | ||
| 200 | 1 |
_aЕкатеринослав _e1908 г. _eТоргово-промышленная справочная книга _fИзд. Якова Будилова. [Отд. 2-11] |
|
| 210 |
_aЕкатеринослав _cЯ. Будилов _d1908 |
||
| 215 |
_a101-191 с. _d27 |
||
| 309 | _aБез тит. л. | ||
| 801 | 0 |
_aRU _bNLR _gpsbo |
|
| 801 | 0 |
_aRU _bRuMoRGB _2psbo |
|
| 801 | 1 |
_aRU _bProSoft-M _2rusmarc |
|
| 852 |
_aNLR _j37.30.3.73 |
||
| 899 |
_aRuMoRGB _jU 57/19 |
||
| 899 | _aБАН | ||
| 942 | _cBOOK | ||
| 980 | _aNB | ||